| 000 | 02302cam a22003611ia4500 | ||
|---|---|---|---|
| 003 | OSt | ||
| 005 | 20240908142418.0 | ||
| 008 | 240906s2023 ua a g b 000 0bara c | ||
| 020 | _a9789778570109 | ||
| 040 |
_aSA-RiAUC _bara _cSA-RiAUC _erda |
||
| 082 | 0 | 4 |
_a239.6 _qSA-RiAUC |
| 090 |
_a239.6 _bب ا ج |
||
| 100 | 1 |
_aالباجوري، إبراهيم بن محمد بن أحمد، _d1198-1277 هجري _eمؤلف. |
|
| 245 | 1 | 2 |
_aالمواهب اللدنية على الشمائل المحمدية للحافظ أبي عيسى محمد بن عيسى الترمذي (ت. 279 هـ.) / _cتأليف شيخ الأزهر الإمام العلامة إبراهيم بن محمد بن أحمد الباجوري الشافعي ؛ دراسة وتحقيق بشير محمد بشير الدروقي، علي محمد بشير الدروقي، فتحي سعد الصالحين العوكلي. |
| 250 | _aالطبعة الأولى. | ||
| 264 | 1 |
_aالقاهرة : _bدار الصالح، _c2023 |
|
| 300 |
_a2 مجلد ، _bإيضاحيات ؛ _c25 سم |
||
| 336 |
_aنص _btxt _2rdacontent _3كتاب |
||
| 337 |
_aبدون وسيط _bn _2rdamedia |
||
| 338 |
_aمجلد _bnc _2rdacarrier |
||
| 500 | _aملاحظات من الشيخ الدكتور عبدالوهاب سليمان رحمه الله بداخل الكتاب: ( واشار رحمة الله الى شيخة محمد حسن مشاط وشيوخا اخرين ) | ||
| 504 | _aببليوجرافية : صفحة 1187-1225. | ||
| 600 | 0 | 7 |
_aمحمد (صلى الله عليه وسلم)، _d53 قبل الهجرة-11 هجري _2aucnm |
| 650 | 7 |
_aأخلاق الرسول _2aucsh |
|
| 650 | 7 |
_aالسيرة النبوية _2aucsh |
|
| 700 | 1 |
_aالدروقي، بشير محمد بشير _eمحقق. |
|
| 700 | 1 |
_aالدروقي، علي محمد بشير _eمحقق. |
|
| 700 | 1 |
_aالعوكلي، فتحي سعد الصالحين _eمحقق. |
|
| 700 | 1 | 2 |
_iتحقيق لـ (عمل) : _aالباجوري، إبراهيم بن محمد بن أحمد، _d1198-1277 هجري. _tالمواهب اللدنية على الشمائل المحمدية |
| 700 | 1 | 2 |
_iمع (عمل) : _aالترمذي، محمد بن عيسى بن سورة، _d209-279 هجري. _tالشمائل المحمدية |
| 942 |
_2ddc _cBOOK |
||
| 949 |
_aSA-JeALM _d240906 _umohamedma123 _n1 |
||
| 999 |
_c77 _d77 |
||